[Event "21. Copenhagen Open  (Politiken Cup)"]
[Site "Copenhagen"]
[Date "1999.07.11"]
[Round "8"]
[White "Larsen, Peter"]
[Black "Hedman, Erik"]
[Result "1-0"]
[WhiteElo "2259"]
[BlackElo "2348"]
[PlyCount "75"]
[EventDate "1999.07.03"]
[EventType "swiss"]
[EventRounds "11"]
[EventCountry "DEN"]
[SourceDate "2004.01.01"]

1. e4 e6 2. d4 d5 3. Nc3 Bb4 4. e5 c5 5. a3 Ba5 6. b4 cxd4 7. Nb5 Bc7 8. f4 Bd7
9. Qg4 Kf8 10. Nxd4 a6 11. Bd3 Nc6 12. c3 Bb6 13. Nge2 Nge7 14. O-O Nf5 15.
Bxf5 exf5 16. Qf3 Nxd4 17. cxd4 Bb5 18. Be3 h5 19. Rfc1 Bd3 20. Nc3 Be4 21. Qf2
Rh6 22. Rd1 a5 23. Nxe4 dxe4 24. d5 Bxe3 25. Qxe3 Rb6 26. Qc5+ Kg8 27. Rac1
axb4 28. axb4 h4 29. Rc3 g5 30. Qc7 Rxb4 31. d6 Kf8 32. fxg5 Rb2 33. g6 fxg6
34. d7 Qxc7 35. Rxc7 Rd8 36. Rc8 Ke7 37. Rxd8 Kxd8 38. e6 1-0

[Event "21. Copenhagen Open  (Politiken Cup)"]
[Site "Copenhagen"]
[Date "1999.07.11"]
[Round "8"]
[White "Lund, Thomas"]
[Black "Bjarnason, Larus H"]
[Result "1/2-1/2"]
[WhiteElo "1691"]
[BlackElo "1550"]
[PlyCount "25"]
[EventDate "1999.07.03"]
[EventType "swiss"]
[EventRounds "11"]
[EventCountry "DEN"]
[SourceDate "2004.01.01"]

1. e4 c6 2. d4 d5 3. exd5 cxd5 4. c4 Nf6 5. Nc3 Nc6 6. Nf3 g6 7. cxd5 Nxd5 8.
Bb5 Bg7 9. Qb3 Nxc3 10. bxc3 O-O 11. O-O Na5 12. Qb4 a6 13. Ba4 1/2-1/2

[Event "21. Copenhagen Open  (Politiken Cup)"]
[Site "Copenhagen"]
[Date "1999.07.11"]
[Round "8"]
[White "Lynge, Torben"]
[Black "Jacobsen, Jesper Howalt"]
[Result "1-0"]
[WhiteElo "1708"]
[BlackElo "1180"]
[PlyCount "118"]
[EventDate "1999.07.03"]
[EventType "swiss"]
[EventRounds "11"]
[EventCountry "DEN"]
[SourceDate "2004.01.01"]

1. e4 c6 2. d4 g6 3. Nc3 Bg7 4. Bc4 d6 5. Be3 Nd7 6. Qf3 e6 7. Nge2 Nb6 8. Bb3
Ne7 9. Ng3 d5 10. O-O-O Bd7 11. h4 h5 12. Nge2 Bh6 13. Bxh6 Rxh6 14. Nf4 Qc7
15. Qe3 Rh7 16. Rhe1 dxe4 17. Nxe4 O-O-O 18. g3 Nbd5 19. Nxd5 cxd5 20. Nf6 Rhh8
21. Rd3 Kb8 22. Nxd7+ Qxd7 23. Kb1 Nf5 24. Qd2 Rc8 25. Qb4 Qd6 26. Qxd6+ Nxd6
27. c3 Rc7 28. Rf3 Rhc8 29. Bc2 Nc4 30. Re2 Nd6 31. Bd3 a6 32. Rf4 b5 33. a3
Nc4 34. Bxc4 bxc4 35. Rf6 Ka7 36. f3 Rh8 37. Rh2 Kb6 38. g4 Kc6 39. Kc2 Kd6 40.
g5 Ke7 41. Re2 Rb8 42. f4 Rcb7 43. Kc1 Kd6 44. f5 gxf5 45. Rh6 Rg8 46. Rxh5 Rg6
47. Rh8 f6 48. gxf6 Rxf6 49. h5 Rff7 50. Rh6 Rbe7 51. Rg6 Rh7 52. h6 Kd7 53.
Kd2 Ke8 54. Rexe6 Rxe6 55. Rxe6+ Kd7 56. Rxa6 Ke8 57. Ra8+ Kf7 58. Ra7+ Kg6 59.
Rxh7 Kxh7 1-0

[Event "21. Copenhagen Open  (Politiken Cup)"]
[Site "Copenhagen"]
[Date "1999.07.11"]
[Round "8"]
[White "Maarup, Michael"]
[Black "Poulsen, Martin"]
[Result "1-0"]
[WhiteElo "2184"]
[BlackElo "1775"]
[PlyCount "117"]
[EventDate "1999.07.03"]
[EventType "swiss"]
[EventRounds "11"]
[EventCountry "DEN"]
[SourceDate "2004.01.01"]

1. d4 f5 2. c4 Nf6 3. g3 e6 4. Bg2 d5 5. Qc2 c6 6. Nh3 Bd6 7. O-O O-O 8. Bf4
Kh8 9. Nd2 h6 10. Nf3 g5 11. Bxd6 Qxd6 12. Ne5 Kg7 13. Rac1 Nbd7 14. cxd5 exd5
15. f4 Ng4 16. Qd3 Ngxe5 17. fxe5 Qg6 18. b4 Nb6 19. Nf2 Nc4 20. b5 Be6 21.
bxc6 bxc6 22. e3 Rab8 23. Nd1 Rb6 24. Rf2 Qe8 25. Bf1 Qe7 26. Qc2 Na5 27. Bd3
Qd7 28. Nb2 c5 29. dxc5 Rbb8 30. c6 Qc7 31. Qc3 Rfc8 32. Bxf5 Bxf5 33. Rxf5
Qxc6 34. Qxc6 Rxc6 35. Rxc6 Nxc6 36. Nd3 Rb1+ 37. Kf2 Ra1 38. e6 Rxa2+ 39. Kf3
Ra3 40. Ke2 Ra2+ 41. Kf1 Ra3 42. Ne5 Nxe5 43. e7 Ng4 44. e8=Q Nxe3+ 45. Kf2
Nxf5 46. Qe5+ Kg6 47. Qe6+ Kg7 48. Qxf5 Ra2+ 49. Kf3 Rxh2 50. Qxd5 Rh1 51. Qb7+
Kg6 52. Qa6+ Kf5 53. Kg2 Rc1 54. Qa5+ Kg4 55. Qd2 Rc7 56. Qd4+ Kh5 57. Qd1+ g4
58. Qd5+ Kg6 59. Qd6+ 1-0

[Event "21. Copenhagen Open  (Politiken Cup)"]
[Site "Copenhagen"]
[Date "1999.07.11"]
[Round "8"]
[White "Madhy, Nezar"]
[Black "Larusdottir, Aldis Run"]
[Result "1/2-1/2"]
[WhiteElo "1689"]
[BlackElo "1350"]
[PlyCount "37"]
[EventDate "1999.07.03"]
[EventType "swiss"]
[EventRounds "11"]
[EventCountry "DEN"]
[SourceDate "2004.01.01"]

1. d4 c6 2. c4 d5 3. Nf3 Nf6 4. e3 Nbd7 5. Nc3 dxc4 6. Bxc4 Nb6 7. Bd3 e6 8.
O-O c5 9. dxc5 Bxc5 10. Bb5+ Bd7 11. Qe2 O-O 12. Rd1 Bxb5 13. Nxb5 Qe7 14. b3
a6 15. Nc3 Rfd8 16. Bb2 Rd6 17. Rxd6 Bxd6 18. a4 Rd8 19. Rd1 1/2-1/2

[Event "21. Copenhagen Open  (Politiken Cup)"]
[Site "Copenhagen"]
[Date "1999.07.11"]
[Round "8"]
[White "Manley, Christian"]
[Black "Jorgensen, Carina Eilegaard"]
[Result "0-1"]
[WhiteElo "1086"]
[BlackElo "1574"]
[PlyCount "126"]
[EventDate "1999.07.03"]
[EventType "swiss"]
[EventRounds "11"]
[EventCountry "DEN"]
[SourceDate "2004.01.01"]

1. c4 e5 2. Nc3 Nf6 3. g3 Bc5 4. Bg2 O-O 5. e3 Nc6 6. d3 d6 7. Bd2 Re8 8. Qc2
Nb4 9. Qb1 Bf5 10. e4 Be6 11. a3 Nc6 12. b4 Bd4 13. Nf3 a6 14. Nxd4 Nxd4 15.
O-O Qd7 16. Bg5 Nh5 17. Qd1 Bg4 18. f3 Bh3 19. Qd2 Nb3 20. Qe3 Bxg2 21. Kxg2
Nxa1 22. Rxa1 c6 23. g4 Nf4+ 24. Bxf4 exf4 25. Qxf4 Qe6 26. Qe3 d5 27. c5 dxe4
28. Nxe4 f5 29. gxf5 Qxf5 30. Kh1 Qd5 31. Rg1 Re6 32. Qf4 Qe5 33. Qe3 Rf8 34.
d4 Qf4 35. Qxf4 Rxf4 36. Rf1 Rexe4 37. Kg2 Rxd4 38. Kg3 Rf6 39. h4 Rd3 40. a4
Rb3 41. b5 axb5 42. axb5 Rxb5 43. Rd1 Rxc5 44. Rd8+ Rf8 45. Rd7 b5 46. Kg4 Rc3
47. f4 Rc4 48. h5 Rcxf4+ 49. Kh3 R4f5 50. Kg4 b4 51. Rb7 Rb5 52. Rd7 b3 53. Rd1
b2 54. Rb1 Rf1 55. Rxf1 b1=Q 56. Rf4 Rb4 57. h6 Rxf4+ 58. Kxf4 Qb5 59. hxg7
Kxg7 60. Ke4 Kf6 61. Kd4 Qd5+ 62. Ke3 Qc4 63. Kf3 Kf5 0-1

[Event "21. Copenhagen Open  (Politiken Cup)"]
[Site "Copenhagen"]
[Date "1999.07.11"]
[Round "8"]
[White "Mashiri, Artur"]
[Black "Rossen, Claus"]
[Result "0-1"]
[WhiteElo "2073"]
[BlackElo "2184"]
[PlyCount "150"]
[EventDate "1999.07.03"]
[EventType "swiss"]
[EventRounds "11"]
[EventCountry "DEN"]
[SourceDate "2004.01.01"]

1. e4 d6 2. d4 Nf6 3. Nc3 g6 4. Be2 Bg7 5. Be3 c6 6. g4 Qa5 7. f3 h5 8. g5 Nfd7
9. h4 c5 10. dxc5 Nxc5 11. Bd4 Bxd4 12. Qxd4 O-O 13. Qd2 Nc6 14. Nd5 Qxd2+ 15.
Kxd2 Be6 16. c3 Rac8 17. Nh3 Bxd5 18. exd5 Ne5 19. b3 a6 20. Rac1 b5 21. Ke3
Rc7 22. Nf2 Rb8 23. f4 Ned7 24. Rhd1 b4 25. cxb4 Rxb4 26. Rc4 a5 27. Rxb4 axb4
28. Bb5 Ra7 29. Rd2 Ra5 30. Bxd7 Nxd7 31. Nd3 Rb5 32. Nb2 f5 33. Nc4 Nc5 34.
Kd4 Kf7 35. Rb2 Ne4 36. Ne3 Nc3 37. Kc4 e6 38. dxe6+ Kxe6 39. Nc2 d5+ 40. Kd3
Kd6 41. a4 Rb7 42. Nd4 Re7 43. Rf2 Kc5 44. Nf3 d4 45. Ne5 Kd5 46. Rf1 Ne4 47.
a5 Re6 48. Nd7 Rd6 49. Nb6+ Kc6 50. Nc4 Nc5+ 51. Kd2 Re6 52. Rf3 Kb5 53. Ne5
Kxa5 54. Nc4+ Kb5 55. Ne5 Ne4+ 56. Kd3 Kc5 57. Rf1 Kd5 58. Ra1 Nc5+ 59. Kc2 Ke4
60. Re1+ Kd5 61. Ra1 Ke4 62. Re1+ Kxf4 63. Nd3+ Kg3 64. Rg1+ Kxh4 65. Nf4 Ra6
66. Kb2 Ne4 67. Nd3 Rb6 68. Kc2 Nxg5 69. Kd1 Ra6 70. Rh1+ Nh3 71. Ke2 Ra2+ 72.
Kf3 Rd2 73. Rxh3+ Kxh3 74. Nf4+ Kh2 75. Nxg6 Rd3+ 0-1

[Event "21. Copenhagen Open  (Politiken Cup)"]
[Site "Copenhagen"]
[Date "1999.07.11"]
[Round "8"]
[White "Mathiesen, Erik"]
[Black "Helin, Mikael"]
[Result "0-1"]
[WhiteElo "1891"]
[BlackElo "2200"]
[PlyCount "52"]
[EventDate "1999.07.03"]
[EventType "swiss"]
[EventRounds "11"]
[EventCountry "DEN"]
[SourceDate "2004.01.01"]

1. e4 g6 2. d4 d6 3. Bd3 Bg7 4. c3 Nc6 5. Nf3 h6 6. O-O e5 7. d5 Nce7 8. Ne1 g5
9. c4 Nf6 10. Nc3 Ng6 11. Nc2 Nf4 12. Ne3 Qe7 13. b4 h5 14. Bc2 Bg4 15. Ba4+
Kf8 16. f3 Bc8 17. Ba3 g4 18. Qc2 h4 19. Nf5 Bxf5 20. exf5 N6h5 21. fxg4 Ng3
22. f6 Qxf6 23. Ne4 Nfe2+ 24. Qxe2 Nxe2+ 25. Kh1 Qg6 26. Bd7 Qxe4 0-1

[Event "21. Copenhagen Open  (Politiken Cup)"]
[Site "Copenhagen"]
[Date "1999.07.11"]
[Round "8"]
[White "McShane, Rod"]
[Black "Olsen, Miriam Frida"]
[Result "1-0"]
[WhiteElo "1352"]
[BlackElo "1000"]
[PlyCount "59"]
[EventDate "1999.07.03"]
[EventType "swiss"]
[EventRounds "11"]
[EventCountry "DEN"]
[SourceDate "2004.01.01"]

1. e4 c5 2. Nf3 d6 3. d4 cxd4 4. Nxd4 Nf6 5. Nc3 g6 6. Be3 Bg7 7. f3 O-O 8. Qd2
Nc6 9. O-O-O Bd7 10. Kb1 Qc7 11. g4 Rfb8 12. h4 a5 13. Ndb5 Qd8 14. h5 Ne5 15.
Qg2 Qc8 16. hxg6 Nc4 17. gxh7+ Nxh7 18. Ba7 Rxa7 19. Nxa7 Ne3 20. Nxc8 Nxg2 21.
Nxe7+ Kh8 22. Bxg2 a4 23. a3 Bxc3 24. bxc3 Re8 25. Nd5 Be6 26. Nf6 Kg7 27.
Nxe8+ Kf8 28. Rxh7 Kxe8 29. Bf1 Bd7 30. Rxd6 1-0

[Event "21. Copenhagen Open  (Politiken Cup)"]
[Site "Copenhagen"]
[Date "1999.07.11"]
[Round "8"]
[White "Maechel, Michael"]
[Black "Hansen, Erik Friberg"]
[Result "1-0"]
[WhiteElo "1611"]
[BlackElo "1028"]
[PlyCount "47"]
[EventDate "1999.07.03"]
[EventType "swiss"]
[EventRounds "11"]
[EventCountry "DEN"]
[SourceDate "2004.01.01"]

1. e4 c5 2. Nf3 Nc6 3. c3 Nf6 4. e5 Nd5 5. d4 cxd4 6. cxd4 e6 7. a3 a6 8. Bc4
d6 9. Bxd5 exd5 10. O-O Be6 11. Ng5 Qd7 12. Nxe6 Qxe6 13. exd6 Qxd6 14. Qg4 Be7
15. Bf4 Qf6 16. Nc3 Rd8 17. Rfe1 Qxd4 18. Rad1 Qf6 19. Bg5 Qg6 20. Rxd5 Rxd5
21. Nxd5 f5 22. Nxe7 Nxe7 23. Rxe7+ Kf8 24. Qd4 1-0

[Event "21. Copenhagen Open  (Politiken Cup)"]
[Site "Copenhagen"]
[Date "1999.07.11"]
[Round "8"]
[White "Moller, Arne"]
[Black "Rasmussen, Casper Dahl"]
[Result "0-1"]
[WhiteElo "1865"]
[BlackElo "2240"]
[PlyCount "112"]
[EventDate "1999.07.03"]
[EventType "swiss"]
[EventRounds "11"]
[EventCountry "DEN"]
[SourceDate "2004.01.01"]

1. e4 c5 2. b3 Nc6 3. Bb2 e5 4. c3 Nf6 5. d3 d5 6. Nd2 Be7 7. Be2 O-O 8. Ngf3
d4 9. Nc4 Nd7 10. cxd4 cxd4 11. a3 b5 12. Ncd2 Nc5 13. Rc1 Bd7 14. O-O Rc8 15.
Ne1 Ne6 16. g3 Bd6 17. b4 a5 18. bxa5 Nc5 19. Bg4 Bxg4 20. Qxg4 Na4 21. Ba1
Bxa3 22. Rb1 Qxa5 23. Nb3 Qb6 24. Qd1 Nc3 25. Bxc3 dxc3 26. Nc2 Bb2 27. Ne3 Nb4
28. Nc2 Nc6 29. Ne3 Nb4 30. Nc2 Nxc2 31. Qxc2 Rfd8 32. Kg2 Ra8 33. f4 Ra3 34.
fxe5 Qe6 35. Nc5 Qxe5 36. Rf5 Qe7 37. Nb3 b4 38. Rbf1 Rf8 39. Nd4 Ra1 40. R1f2
Ra6 41. Qb3 Bc1 42. Qc4 Rb6 43. Nb3 Be3 44. R2f3 g6 45. Ra5 Bh6 46. Qd4 Rbb8
47. Qf2 Rbc8 48. Qc2 Ra8 49. Rxa8 Rxa8 50. d4 Ra3 51. d5 Qa7 52. Rf2 Qa6 53.
Kh3 Qc4 54. Nd2 Bxd2 55. Rxd2 cxd2 56. Qxc4 d1=Q 0-1

[Event "21. Copenhagen Open  (Politiken Cup)"]
[Site "Copenhagen"]
[Date "1999.07.11"]
[Round "8"]
[White "Nielsen, Michael Backmann"]
[Black "Clausen, Mikkel"]
[Result "0-1"]
[WhiteElo "1514"]
[BlackElo "1787"]
[PlyCount "36"]
[EventDate "1999.07.03"]
[EventType "swiss"]
[EventRounds "11"]
[EventCountry "DEN"]
[SourceDate "2004.01.01"]

1. d4 d5 2. c4 e6 3. Nc3 Nf6 4. cxd5 exd5 5. Bg5 Nbd7 6. e3 c6 7. Bd3 Bd6 8.
Nf3 Nf8 9. Ne5 Qc7 10. Bxf6 gxf6 11. Ng4 Be7 12. Rc1 h5 13. Nxf6+ Bxf6 14. Nxd5
Qa5+ 15. Nc3 Qg5 16. Ne4 Qa5+ 17. Ke2 Be7 18. Qb3 Qb6 0-1

[Event "21. Copenhagen Open  (Politiken Cup)"]
[Site "Copenhagen"]
[Date "1999.07.11"]
[Round "8"]
[White "Nielsen, Morten"]
[Black "Johansson, Thomas"]
[Result "1-0"]
[WhiteElo "2077"]
[BlackElo "2218"]
[PlyCount "83"]
[EventDate "1999.07.03"]
[EventType "swiss"]
[EventRounds "11"]
[EventCountry "DEN"]
[SourceDate "2004.01.01"]

1. e4 e5 2. Bc4 Nf6 3. Nf3 Nc6 4. Ng5 d5 5. exd5 b5 6. Bxb5 Qxd5 7. Nc3 Qxg2 8.
Qf3 Qxf3 9. Nxf3 Bd7 10. O-O Bd6 11. Re1 O-O-O 12. d3 Rde8 13. Bg5 Nh5 14. Re4
f5 15. Rc4 Kb7 16. Be3 f4 17. Bd2 g5 18. h3 Nf6 19. d4 e4 20. d5 Nb8 21. Nd4 h5
22. Bc6+ Kc8 23. Ncb5 Kd8 24. Bxd7 Kxd7 25. Nf5 a6 26. Nbxd6 cxd6 27. Bc3 Rhf8
28. Ng7 Rc8 29. Rxc8 Kxc8 30. Ne6 Rf7 31. Nxg5 Rg7 32. Bxf6 Rg6 33. Re1 Rxf6
34. Rxe4 Rf5 35. Nf3 Nd7 36. Rd4 Nc5 37. c4 Na4 38. Rd2 Rf7 39. Kf1 Nb6 40. b3
a5 41. Ke2 a4 42. Rd1 1-0

[Event "21. Copenhagen Open  (Politiken Cup)"]
[Site "Copenhagen"]
[Date "1999.07.11"]
[Round "8"]
[White "Nielsen, Nicholas Roland"]
[Black "Jessen, Simon Pind"]
[Result "1/2-1/2"]
[WhiteElo "1538"]
[BlackElo "1939"]
[PlyCount "68"]
[EventDate "1999.07.03"]
[EventType "swiss"]
[EventRounds "11"]
[EventCountry "DEN"]
[SourceDate "2004.01.01"]

1. e4 e5 2. Nc3 Nf6 3. Bc4 Nc6 4. d3 Bc5 5. f4 d6 6. Nf3 Bg4 7. Nd5 Nxd5 8.
Bxd5 Nd4 9. h4 c6 10. Bb3 exf4 11. Bxf4 Qf6 12. Bg5 Nxf3+ 13. gxf3 Qxf3 14.
Qxf3 Bxf3 15. Bxf7+ Kxf7 16. Rf1 Rhf8 17. Rxf3+ Ke6 18. Ke2 Rxf3 19. Kxf3 Rf8+
20. Bf4 Bd4 21. Kg3 Bf6 22. Rf1 Be5 23. c3 c5 24. Rf3 Rxf4 25. Rxf4 g6 26. Kf3
Bxf4 27. Kxf4 h6 28. d4 cxd4 29. cxd4 Kd7 30. Ke3 Ke7 31. Kf3 Kf7 32. Kf4 b6
33. b3 a6 34. a3 Ke6 1/2-1/2

[Event "21. Copenhagen Open  (Politiken Cup)"]
[Site "Copenhagen"]
[Date "1999.07.11"]
[Round "8"]
[White "Nilsson, Nils Specht"]
[Black "Hansen, Anders"]
[Result "1-0"]
[WhiteElo "2194"]
[BlackElo "1937"]
[PlyCount "51"]
[EventDate "1999.07.03"]
[EventType "swiss"]
[EventRounds "11"]
[EventCountry "DEN"]
[SourceDate "2004.01.01"]

1. e4 e5 2. Nc3 Nf6 3. f4 d5 4. fxe5 Nxe4 5. Nf3 Be7 6. d3 Nxc3 7. bxc3 O-O 8.
d4 Bf5 9. Bd3 Bxd3 10. cxd3 c5 11. dxc5 Bxc5 12. d4 Bb6 13. O-O Nc6 14. Qd3 h6
15. Qf5 Qc8 16. Qh5 Qe6 17. Kh1 Bd8 18. Rb1 Na5 19. Rb2 Rc8 20. Rc2 Qa6 21. Kg1
Nc4 22. Rcf2 Qg6 23. Qh3 Ba5 24. Nh4 Qe6 25. Nf5 Rc6 26. Bxh6 1-0

[Event "21. Copenhagen Open  (Politiken Cup)"]
[Site "Copenhagen"]
[Date "1999.07.11"]
[Round "8"]
[White "Naes, Flovin Tor"]
[Black "Laursen, Niels Norskov"]
[Result "1-0"]
[WhiteElo "2222"]
[BlackElo "2055"]
[PlyCount "69"]
[EventDate "1999.07.03"]
[EventType "swiss"]
[EventRounds "11"]
[EventCountry "DEN"]
[SourceDate "2004.01.01"]

1. c4 Nf6 2. Nc3 g6 3. g3 Bg7 4. Bg2 O-O 5. Nf3 d6 6. O-O e5 7. d4 Nbd7 8. e4
exd4 9. Nxd4 Re8 10. Be3 Nc5 11. f3 a5 12. Qd2 Bd7 13. Rae1 Qc8 14. Ndb5 Ne6
15. h3 Bc6 16. Kh2 b6 17. Re2 Nc5 18. Bh6 Bh8 19. Nd4 Bb7 20. f4 Nfxe4 21. Nxe4
Nxe4 22. Qd1 Qd7 23. f5 Re7 24. f6 Re5 25. Rfe1 Rh5 26. Rxe4 Bxe4 27. Rxe4 Rxh6
28. Re7 Qc8 29. Qf3 Rb8 30. Nc6 Rh5 31. g4 Rc5 32. Nxb8 Qxb8 33. Qe3 Kf8 34.
Rxf7+ Kg8 35. Qe7 1-0

[Event "21. Copenhagen Open  (Politiken Cup)"]
[Site "Copenhagen"]
[Date "1999.07.11"]
[Round "8"]
[White "Olsen, Claus"]
[Black "Bekker Jensen, David"]
[Result "0-1"]
[WhiteElo "2064"]
[BlackElo "2264"]
[PlyCount "100"]
[EventDate "1999.07.03"]
[EventType "swiss"]
[EventRounds "11"]
[EventCountry "DEN"]
[SourceDate "2004.01.01"]

1. e4 c5 2. Nc3 Nc6 3. g3 g6 4. Bg2 Bg7 5. d3 d6 6. h4 Nf6 7. Nh3 Rb8 8. Bg5 h6
9. Bd2 b5 10. a3 Nd4 11. Nf4 Nd7 12. Ncd5 Ne5 13. Ne3 a5 14. O-O b4 15. axb4
axb4 16. c3 Ndc6 17. Qc2 O-O 18. Ne2 Qb6 19. Nd5 Qb5 20. c4 Qb7 21. Be3 Bd7 22.
Qd2 e6 23. Ndf4 Ng4 24. Bh3 Nxe3 25. fxe3 Ra8 26. Rab1 Ra2 27. Nc1 Ra7 28. Qf2
Ne7 29. Bg2 Bc6 30. Nb3 Ba4 31. Nc1 Bc6 32. g4 b3 33. g5 hxg5 34. hxg5 d5 35.
cxd5 exd5 36. e5 d4 37. exd4 cxd4 38. Qxd4 Bxg2 39. Nxg2 Nc6 40. Qc4 Nxe5 41.
Qf4 Rd8 42. Qe4 Qb6+ 43. Kh1 Rd4 44. Qe2 Raa4 45. Qf2 Qb7 46. Ne2 Rxd3 47. Ng1
Ng4 48. Qe2 Re3 49. Qd2 Rd4 50. Qa5 Qb8 0-1

[Event "21. Copenhagen Open  (Politiken Cup)"]
[Site "Copenhagen"]
[Date "1999.07.11"]
[Round "8"]
[White "Ori, Marco"]
[Black "Lonborg, Morten"]
[Result "0-1"]
[WhiteElo "2068"]
[BlackElo "2159"]
[PlyCount "114"]
[EventDate "1999.07.03"]
[EventType "swiss"]
[EventRounds "11"]
[EventCountry "DEN"]
[SourceDate "2004.01.01"]

1. e4 c5 2. Nf3 d6 3. d4 cxd4 4. Nxd4 Nf6 5. Nc3 e6 6. Be3 Nc6 7. f3 h5 8. Qd2
Bd7 9. O-O-O a6 10. Nb3 b5 11. Bf4 Ne5 12. Bg5 Qc7 13. Bxf6 gxf6 14. Bd3 Bh6
15. f4 Nxd3+ 16. Qxd3 Bxf4+ 17. Kb1 Be5 18. Ne2 Rc8 19. Nbd4 Qc4 20. Nf3 Qxd3
21. cxd3 d5 22. exd5 exd5 23. Rhe1 Kf8 24. Nxe5 fxe5 25. Nc3 d4 26. Ne4 Kg7 27.
Rf1 Rh6 28. Rd2 Rg8 29. Rdf2 f5 30. Ng3 f4 31. Ne4 Bc6 32. Re1 Bxe4 33. Rxe4
Kf6 34. g3 Rg4 35. gxf4 exf4 36. Rfxf4+ Kg5 37. Rxg4+ hxg4 38. Re2 Rc6 39. Rg2
Kh4 40. Rg3 Rf6 41. Rg2 Rf3 42. Kc2 Kh3 43. Re2 Rf1 44. Kb3 Rh1 45. Re6 Rxh2
46. Rxa6 Rd2 47. Kb4 Rxb2+ 48. Kc5 g3 49. Kxd4 g2 50. Rg6 Kh2 51. Rh6+ Kg3 52.
Rg6+ Kf2 53. Rf6+ Ke1 54. Rg6 Kf1 55. Kc5 Rxa2 56. Kxb5 Rd2 57. Rf6+ Ke2 0-1

[Event "21. Copenhagen Open  (Politiken Cup)"]
[Site "Copenhagen"]
[Date "1999.07.11"]
[Round "8"]
[White "Palo, Davor"]
[Black "Jensen, Jannick"]
[Result "1-0"]
[WhiteElo "2141"]
[BlackElo "1967"]
[PlyCount "113"]
[EventDate "1999.07.03"]
[EventType "swiss"]
[EventRounds "11"]
[EventCountry "DEN"]
[SourceDate "2004.01.01"]

1. d4 Nf6 2. c4 g6 3. Nc3 Bg7 4. e4 d6 5. f3 O-O 6. Be3 e5 7. Nge2 Nbd7 8. Qd2
c6 9. O-O-O Qa5 10. Kb1 b5 11. Nc1 bxc4 12. dxe5 dxe5 13. Bxc4 Qb4 14. Be2 a5
15. Qd6 Qb7 16. g4 Rb8 17. Qd2 Qa8 18. h4 h5 19. g5 Nh7 20. Na4 Re8 21. Nb3 Bf8
22. Nbc5 Nxc5 23. Nxc5 Be6 24. Qc3 a4 25. Ka1 Bg7 26. Rd6 Nf8 27. Rhd1 Bh3 28.
Bc4 Red8 29. R1d2 Rxd6 30. Rxd6 Rd8 31. Qd2 Rxd6 32. Qxd6 a3 33. Qe7 axb2+ 34.
Kxb2 Ne6 35. Nxe6 Bxe6 36. Bxe6 fxe6 37. Qxe6+ Kh7 38. Bc5 Qa6 39. Qb3 Qe2+ 40.
Qc2 Qxf3 41. a4 Bf8 42. Bxf8 Qxf8 43. Qxc6 Qb4+ 44. Kc2 Qd4 45. a5 Qf2+ 46. Kd3
Qf1+ 47. Kc2 Qf2+ 48. Kb3 Qe3+ 49. Kb4 Qd4+ 50. Kb5 Qd3+ 51. Kb6 Qd4+ 52. Kc7
Qa7+ 53. Kd6 Qxa5 54. Qc7+ Qxc7+ 55. Kxc7 Kg7 56. Kd6 Kf7 57. Kd7 1-0

[Event "21. Copenhagen Open  (Politiken Cup)"]
[Site "Copenhagen"]
[Date "1999.07.11"]
[Round "8"]
[White "Pedersen, Bent O"]
[Black "Nolsoe, Eydun"]
[Result "0-1"]
[WhiteElo "1702"]
[BlackElo "2184"]
[PlyCount "48"]
[EventDate "1999.07.03"]
[EventType "swiss"]
[EventRounds "11"]
[EventCountry "DEN"]
[SourceDate "2004.01.01"]

1. e4 c5 2. Nf3 d6 3. d4 cxd4 4. Nxd4 Nf6 5. Nc3 a6 6. Bg5 e6 7. Qd2 Be7 8.
O-O-O Nbd7 9. f4 Qc7 10. g4 b5 11. Bxf6 Nxf6 12. g5 b4 13. Nd5 exd5 14. gxf6
Bxf6 15. exd5 O-O 16. Qxb4 Bg4 17. Rd2 Rab8 18. Qc4 Rfe8 19. Bd3 Qb6 20. b3
Bxd4 21. Bxh7+ Kxh7 22. Rxd4 Rbc8 23. Qd3+ g6 24. f5 Bxf5 0-1

[Event "21. Copenhagen Open  (Politiken Cup)"]
[Site "Copenhagen"]
[Date "1999.07.11"]
[Round "8"]
[White "Pedersen, Kaj Vinding"]
[Black "Rasmussen, Morten Fredsgaard"]
[Result "0-1"]
[WhiteElo "1497"]
[BlackElo "1771"]
[PlyCount "72"]
[EventDate "1999.07.03"]
[EventType "swiss"]
[EventRounds "11"]
[EventCountry "DEN"]
[SourceDate "2004.01.01"]

1. d4 d5 2. Nf3 Nf6 3. Bf4 e6 4. e3 c5 5. c3 Nh5 6. Bg3 Nxg3 7. hxg3 Nc6 8. Bd3
h6 9. O-O Be7 10. dxc5 Bxc5 11. Nbd2 Qb6 12. Qc2 Bd7 13. Nb3 Bd6 14. Nbd4 Rc8
15. Nxc6 bxc6 16. Rfe1 O-O 17. e4 Bxg3 18. Kf1 Bd6 19. e5 Be7 20. c4 f6 21. Re2
c5 22. Bh7+ Kh8 23. Nh4 f5 24. Ng6+ Kxh7 25. Nxe7 Rce8 26. cxd5 Rxe7 27. d6
Ree8 28. Rc1 Bb5 29. g4 Bxe2+ 30. Kxe2 Qb5+ 31. Kf3 Kg8 32. g5 hxg5 33. Rd1 Rd8
34. Rg1 Qc6+ 35. Ke3 g4 36. Qb3 Qe4+ 0-1

[Event "21. Copenhagen Open  (Politiken Cup)"]
[Site "Copenhagen"]
[Date "1999.07.11"]
[Round "8"]
[White "Pedersen, Steen"]
[Black "Elakany, Mohammed"]
[Result "1-0"]
[WhiteElo "1677"]
[BlackElo "1172"]
[PlyCount "37"]
[EventDate "1999.07.03"]
[EventType "swiss"]
[EventRounds "11"]
[EventCountry "DEN"]
[SourceDate "2004.01.01"]

1. e4 c5 2. Nf3 Nc6 3. d4 e6 4. d5 exd5 5. exd5 Nb4 6. d6 Qf6 7. a3 Qe6+ 8. Be2
Nd5 9. c4 Nf4 10. Bxf4 Nf6 11. Nc3 Nh5 12. Nb5 Qg6 13. Ne5 Qf6 14. Bxh5 Qxf4
15. Nc7+ Kd8 16. Nxf7+ Qxf7 17. Bxf7 Rb8 18. Qd5 b6 19. Qg5+ 1-0

[Event "21. Copenhagen Open  (Politiken Cup)"]
[Site "Copenhagen"]
[Date "1999.07.11"]
[Round "8"]
[White "Peelen, Piet"]
[Black "Nuoristo, Peter"]
[Result "1-0"]
[WhiteElo "2382"]
[BlackElo "2266"]
[PlyCount "119"]
[EventDate "1999.07.03"]
[EventType "swiss"]
[EventRounds "11"]
[EventCountry "DEN"]
[SourceDate "2004.01.01"]

1. e4 e6 2. Nf3 d5 3. Nc3 Nf6 4. e5 Nfd7 5. d4 Be7 6. Ne2 c5 7. c3 b6 8. Nf4
Ba6 9. Bxa6 Nxa6 10. Qe2 Nc7 11. O-O O-O 12. dxc5 bxc5 13. c4 Nb6 14. b3 Qd7
15. Rd1 Rfd8 16. Nh5 Qe8 17. Bg5 h6 18. Nxg7 Kxg7 19. Bf6+ Bxf6 20. exf6+ Kh7
21. Ng5+ Kg6 22. Qg4 Kxf6 23. Qf4+ Kg7 24. Rd3 Qe7 25. Nxf7 Qf6 26. Qxf6+ Kxf6
27. Rf3+ Ke7 28. Nxd8 Rxd8 29. cxd5 exd5 30. Re3+ Ne6 31. Rh3 Rd6 32. Rxh6 Kd7
33. h4 d4 34. h5 d3 35. Rd1 Kc6 36. Kf1 a5 37. g3 a4 38. f4 axb3 39. axb3 c4
40. bxc4 Nxc4 41. Kf2 Nb2 42. Rd2 Nc4 43. Ra2 Kd5 44. f5 Nd4 45. Rxd6+ Kxd6 46.
h6 Ne5 47. Ra6+ Kc7 48. h7 d2 49. Ra1 Nf7 50. g4 Kd6 51. Rd1 Ke5 52. Rxd2 Nc6
53. Rd7 Nh8 54. Kf3 Nd4+ 55. Rxd4 Kxd4 56. Kf4 Kd5 57. g5 Kd6 58. g6 Ke7 59. g7
Kf7 60. g8=Q+ 1-0

[Event "21. Copenhagen Open  (Politiken Cup)"]
[Site "Copenhagen"]
[Date "1999.07.11"]
[Round "8"]
[White "Petersen, Nils"]
[Black "Nielsen, Borge Hjerrild"]
[Result "0-1"]
[WhiteElo "2067"]
[BlackElo "2142"]
[PlyCount "68"]
[EventDate "1999.07.03"]
[EventType "swiss"]
[EventRounds "11"]
[EventCountry "DEN"]
[SourceDate "2004.01.01"]

1. c4 e6 2. Nc3 d5 3. e3 Nf6 4. Nf3 b6 5. b3 Bb7 6. Be2 c5 7. cxd5 exd5 8. d4
Be7 9. O-O O-O 10. Bb2 Nbd7 11. Bd3 Rc8 12. Qe2 Qc7 13. Nb5 Qb8 14. Rac1 Rfd8
15. Rc2 a6 16. Na3 Qa8 17. Nb1 Ne4 18. Rfc1 Ndf6 19. Ne5 Rc7 20. Nd2 Rdc8 21.
Bxe4 dxe4 22. dxc5 Rxc5 23. Rxc5 Rxc5 24. Rxc5 Bxc5 25. Ng4 Ne8 26. Qc4 Qd8 27.
Qc3 Qd6 28. h3 Bb4 29. Nh6+ Kf8 30. Qc4 gxh6 31. Nxe4 Bxe4 32. Qxe4 Qd1+ 33.
Kh2 Bd6+ 34. g3 Qd2 0-1